00357nam a2200109Ia 450000500170000000800410001710000350005824500910009326000390018430000110022365000130023420260328104336.0260328s9999||||xx |||||||||||||| ||und|| aTéllez Castañeda, Germán 0aVeinte Bienales Colombianas de Arquitectura 1962-2006 /cGermán Téllez Castañeda bSociedad Colombiana de Arquitectos a205 p. aCOLOMBIA